Gesellige Einsamkeit

Titel: Gesellige Einsamkeit : ausgewählte Essays zur Literatur / Friedhelm Kemp
Teil: Band 1. Von Poesie bewegt
Verfasser:
Beteiligt:
Veröffentlicht: Göttingen : Wallstein, [2017]
Umfang: 349 Seiten
Format: Buch
Sprache: Deutsch
Schriftenreihe/
mehrbändiges Werk:
Gesellige Einsamkeit / Friedhelm Kemp ; Band 1
alle Bände anzeigen
Veröffentlichungen der Deutschen Akademie für Sprache und Dichtung ; 93
RVK-Notation:
Schlagworte:
ISBN: 9783835316935
Buchumschlag
X
alg: 39840742
001A    $00026:16-01-17 
001B    $01999:02-12-25 $t17:00:52.000 
001D    $00043:17-01-17 
001U    $0utf8 
001X    $00 
002@    $0Afu 
002C    $aText $btxt $2rdacontent 
002D    $aohne Hilfsmittel zu benutzen $bn $2rdamedia 
002E    $aBand $bnc $2rdacarrier 
003@    $0398407428 
003O    $0994614320 $aOCoLC 
004A    $A978-3-8353-1693-5 
007A    $0398407428 $aHEB 
009P    $qapplication/pdf $A2 $3Inhaltsverzeichnis $uhttps://d-nb.info/1071148850/04 $mB:DE-101 
010@    $ager 
010E    $erda 
011@    $a2017 $n[2017] 
011F    $n© 2017 
013D    $#Beiträge Formschlagwort $#Einzelbeiträge $#Sammelwerk Formschlagwort $74143413-4 $8Aufsatzsammlung [Tsz] $9085562742 
021A    $aVon Poesie bewegt 
028A    $BVerfasser $4aut $7119209950 $8Kemp, Friedhelm$Z1914-2011 [Tp1] $908754993X 
028C    $BHerausgeber $#Kalka, J. $4edt $7132032309 $8Kalka, Joachim$Z1948- [Tp1] $9180805703 
033A    $pGöttingen $nWallstein 
034D    $a349 Seiten 
036C    $aGesellige Einsamkeit $dausgewählte Essays zur Literatur $x11 $hFriedhelm Kemp $lBand 1 
036D    $x11 $8Gesellige Einsamkeit : ausgewählte Essays zur Literatur / Friedhelm Kemp ; herausgegeben und mit einem Nachwort von Joachim Kalka $9369860403 
036E    $aVeröffentlichungen der Deutschen Akademie für Sprache und Dichtung $l93 
044K    $qDNB $RSüdgermanische Sprachen $#German language $#Allemand (langue) $#Neuhochdeutsch $#Deutsche Sprache $#Hochdeutsch $74113292-0 $8Deutsch [Tsz] $9085334081 
044K    $qDNB $RBuch $RSchriftsteller $#Literature $#Littérature $#Letteratura $#Literatura $#literature $#Literature $#Literatur $#Literatur $#Belletristik $#Dichtung Literatur $#Schöne Literatur $#Sprachkunst $#Wortkunst $74035964-5 $8Literatur [Tsz] $9085097128 
045V    $805.04.00$jStudien [Tkx] $9118843400 
045Z    $8EC 1070 [Tkv] $9407726403 
045Z    $8GM 7651 [Tkv] $9408433574 

lok: 39840742 3
101B    $028-02-17 $t11:51:37.000 
101C    $028-02-17 
101U    $0utf8 
145S/01 $a712 

exp: 39840742 3 1 #EPN
201B/01 $028-02-17 $t11:53:09.000 
201C/01 $028-02-17 
201U/01 $0utf8 
203@/01 $0801878632 
208@/01 $a28-02-17 $bzAa 
209A/01 $a90.822.86 Bd. 1 $du $f000 $h90 822 86 / B 1 $x00 
209G/01 $a90822861 $x00 
247C/01 $8601000-3 <30>Frankfurt, Universitätsbibliothek J. C. Senckenberg, Zentralbibliothek (ZB) $9102598258 

lok: 39840742 8

exp: 39840742 8 1 #EPN
201B/01 $004-04-17 $t11:42:25.000 
201C/01 $004-04-17 
201U/01 $0utf8 
203@/01 $0803958986 
208@/01 $a04-04-17 $bz 
209A/01 $a/EC 1070 K32-1 $du $f000 $x00 
209G/01 $a19703924 $x00 
209G/01 $a3. Obergeschoss $x01 
247C/01 $8611000-9 <17>Darmstadt, TU Darmstadt, Universitäts- und Landesbibliothek - Stadtmitte $9102595879 

lok: 39840742 11

exp: 39840742 11 1 #EPN
201B/01 $017-01-17 $t14:26:24.000 
201C/01 $017-01-17 
201U/01 $0utf8 
203@/01 $0799320714 
208@/01 $a17-01-17 $bz 
209A/01 $a60 16 A 8433 $du $f100 $x00 
209B/01 $a019/1701 $x05 
209G/01 $a83626968 $x00 
247C/01 $8620100-3 <43>Wiesbaden, Hochschul- und Landesbibliothek RheinMain, Rheinstraße $9102599572 

lok: 39840742 23

exp: 39840742 23 1 #EPN
201B/01 $029-10-24 $t13:40:05.000 
201C/01 $014-07-17 
201U/01 $0utf8 
203@/01 $01004396163 
208@/01 $a25-07-17 $bz 
209A/01 $a35 EC 1070 K32-1 $du $f030 $hEC 1070 K32 / B 1 $x00 
209B/01 $aUmbau $x05 
209G/01 $a27897398 $x00 
209G/01 $aMagazin $x01 
247C/01 $8352030-4 <34/30>Kassel, UB Kassel, Standort Brüder-Grimm-Platz, Landesbibliothek und Murhardsche Bibliothek der Stadt Kassel $9102599475 

lok: 39840742 25

exp: 39840742 25 1 #EPN
201B/01 $010-01-23 $t18:51:19.000 
201C/01 $024-02-17 
201U/01 $0utf8 
203@/01 $0801744784 
208@/01 $a24-02-17 $bzic 
209A/01 $a09 A - K 963 $dd $f070 $x00 
209C/01 $a17/26 Germanistik 
209G/01 $a77231760 $x00 
209G/01 $aGermanistik $x01 
247C/01 $8651070-x <77/070>Mainz, Universität Mainz, Bereichsbibliothek Philosophicum, Standorte Germanistik I / Kulturanthropologie und Germanistik II $9102600198 

lok: 39840742 62

exp: 39840742 62 1 #EPN
201B/01 $020-02-17 $t22:12:03.000 
203@/01 $0801604532 
208@/01 $a20-02-17 $be 
209A/01 $a/ $f000 $x00 
209B/01 $a2017 $x05 
247C/01 $8Frankfurt, Bibliographie der Deutschen Sprach- und Literaturwissenschaft $9113214561 
201U/01 $0utf8 

lok: 39840742 78

exp: 39840742 78 1 #EPN
201B/01 $016-09-20 $t22:07:21.000 
201C/01 $016-09-20 
203@/01 $01123086907 
208@/01 $a16-09-20 $bdo 
201U/01 $0utf8 

lok: 39840742 204

exp: 39840742 204 1 #EPN
201B/01 $008-02-17 $t14:47:34.000 
201C/01 $016-01-17 
201U/01 $0utf8 
203@/01 $0799274887 
208@/01 $a08-02-17 $bzUB 
209A/01 $a000 GM 7651 K32 G38.2017-1 $du $f000 $x00 
209G/01 $a62161876 $x00 
245S/01 $a15000 $x01 
247C/01 $8631000-x <26>Gießen, Universität Gießen, Universitätsbibliothek Gießen $9102596697
LEADER 00000cam a2200000 cc4500
001 398407428
003 DE-603
005 20251202170052.0
007 tu
008 170116s2017 xx |||| | u00||u|ger c
020 |a 9783835316935 
035 |a (DE-599)HEB398407428 
035 |a (OCoLC)994614320 
040 |a DE-603  |b ger  |c DE-603  |d DE-603  |e rda 
041 |a ger 
084 |a EC 1070  |0 (DE-625)20371:  |0 (DE-603)407726403  |2 rvk 
084 |a GM 7651  |0 (DE-625)42411:  |0 (DE-603)408433574  |2 rvk 
100 1 |a Kemp, Friedhelm  |d 1914-2011  |e Verfasser  |4 aut  |0 (DE-603)08754993X  |0 (DE-588)119209950  |2 gnd 
245 0 0 |a Gesellige Einsamkeit  |b ausgewählte Essays zur Literatur  |n Band 1  |p Von Poesie bewegt  |c Friedhelm Kemp 
264 1 |a Göttingen  |b Wallstein  |c [2017] 
264 4 |c © 2017 
300 |a 349 Seiten 
336 |a Text  |b txt  |2 rdacontent 
337 |a ohne Hilfsmittel zu benutzen  |b n  |2 rdamedia 
338 |a Band  |b nc  |2 rdacarrier 
490 0 |a Veröffentlichungen der Deutschen Akademie für Sprache und Dichtung  |v 93 
650 7 |a Deutsch  |0 (DE-588)4113292-0  |0 (DE-603)085334081  |2 gnd 
650 7 |a Literatur  |0 (DE-588)4035964-5  |0 (DE-603)085097128  |2 gnd 
655 7 |a Aufsatzsammlung  |2 gnd-content  |0 (DE-588)4143413-4  |0 (DE-603)085562742 
700 1 |a Kalka, Joachim  |d 1948-  |e Herausgeber  |4 edt  |0 (DE-603)180805703  |0 (DE-588)132032309  |2 gnd 
773 0 8 |q 11  |w (DE-603)369860403 
856 4 2 |m B:DE-101  |q application/pdf  |u https://d-nb.info/1071148850/04  |3 Inhaltsverzeichnis 
924 0 |9 30  |a (DE-603)801878632  |b DE-30  |c HES  |d c  |g 90.822.86 Bd. 1 
924 0 |9 17  |a (DE-603)803958986  |b DE-17  |c HES  |d c  |g /EC 1070 K32-1  |h 3. Obergeschoss 
924 0 |9 43  |a (DE-603)799320714  |b DE-43  |c HES  |d c  |g 60 16 A 8433 
924 0 |9 34/30  |a (DE-603)1004396163  |b DE-34-30  |c HES  |d c  |g 35 EC 1070 K32-1  |h Magazin 
924 0 |9 77/070  |a (DE-603)801744784  |b DE-77-070  |c HES  |d d  |g 09 A - K 963 
924 0 |9 603  |a (DE-603)801604532  |b DE-603  |c HES  |d d 
924 0 |9 603  |a (DE-603)1123086907  |b DE-603  |c HES  |d d 
924 0 |9 26  |a (DE-603)799274887  |b DE-26  |c HES  |d c  |g 000 GM 7651 K32 G38.2017-1